| 000 | 00594 a2200097 4500 | ||
|---|---|---|---|
| 020 | _a9780784409374 | ||
| 082 | _a624.0285 ASC | ||
| 245 |
_aComputing in civil engineering : _bproceedings of the 2007 ASCE International Workshop on Computing in Civil Engineering, July 24-27, 2007 Pittsburgh, Pennsylvania / _csponsored by Technical Council on Computing & Information Technology of the American Society of Civil Engineers ; edited by Lucio Soibelman, Burcu Akinci. |
||
| 260 |
_aReston, Va. : _bAmerican Society of Civil Engineers, _c2007. |
||
| 300 |
_axii, 887 p. : _bill. ; _c22 cm. |
||
| 650 |
_aCivil engineering _xData processing |
||
| 999 |
_c1025 _d1025 |
||